[Event "Skalica op-A"]
[Site "Skalica"]
[Date "2023.08.25"]
[Round "7"]
[White "Zdrazil, Patrik"]
[Black "Sokolovsky, Jakub"]
[Result "1-0"]
[WhiteElo "2011"]
[BlackElo "1908"]
[PlyCount "101"]
[EventDate "2023.08.19"]
[EventType "swiss"]
[EventRounds "9"]
[EventCountry "SVK"]
[SourceTitle "CBM 215 Extra"]
[Source "ChessBase"]
[SourceDate "2023.09.30"]
[SourceVersion "1"]
[SourceVersionDate "2023.09.30"]
[SourceQuality "1"]

1. e4 c5 2. c3 Nf6 3. e5 Nd5 4. Nf3 Nc6 5. Bc4 Nb6 6. Bb3 d6 7. exd6 Qxd6 8. 0-0 Be6 9. Bxe6 Qxe6 10. d4 cxd4 11. cxd4 Rd8 12. Nc3 Qd7 13. Be3 e6 14. Ne5 Nxe5 15. dxe5 Qxd1 16. Rfxd1 Bb4 17. Rxd8+ Kxd8 18. Rd1+ Ke7 19. a3 Bxc3 20. Bc5+ Ke8 21. bxc3 Nc8 22. a4 b6 23. Bb4 f6 24. c4 Rg8 25. c5 bxc5 26. Bxc5 fxe5 27. Rb1 Kd7 28. Bxa7 Nxa7 29. Rb7+ Kc6 30. Rxa7 h6 31. Kf1 g5 32. Rh7 Rg6 33. Ke2 Rf6 34. Ke3 Rf4 35. Rxh6 Rxa4 36. Rh5 g4 37. Rxe5 Ra3+ 38. Kf4 Kd6 39. Re4 Ra2 40. Kg3 Kd5 41. Rxg4 Ke5 42. h4 Ra3+ 43. f3 Kf5 44. h5 Ra7 45. h6 Rh7 46. Rh4 Kg5 47. Rh1 e5 48. Kf2 e4 49. fxe4 Kf4 50. Rh4+ Kg5 51. g3 1-0

[Event "SVK-ch U20"]
[Site "Dudince"]
[Date "2023.04.18"]
[Round "4"]
[White "Stevik, Patrik1111"]
[Black "Zdrazil, Patrik"]
[Result "1-0"]
[WhiteElo "2346"]
[BlackElo "2005"]
[PlyCount "71"]
[EventDate "2023.04.16"]
[EventType "tourn"]
[EventRounds "9"]
[EventCountry "SVK"]
[SourceTitle "CBM 213 Extra"]
[Source "ChessBase"]
[SourceDate "2023.05.31"]
[SourceVersion "1"]
[SourceVersionDate "2023.05.31"]
[SourceQuality "1"]

1. Nf3 Nf6 2. g3 g6 3. b3 Bg7 4. Bb2 d5 5. d4 0-0 6. c4 e6 7. Bg2 b6 8. 0-0 Bb7 9. Nbd2 Qe7 10. a4 a5 11. Ba3 c5 12. Rc1 Na6 13. e3 Rfd8 14. Qe2 Rac8 15. Rfd1 Nb4 16. Bxb4 cxb4 17. Ne5 Ne4 18. Nxe4 dxe4 19. f4 exf3 20. Nxf3 Bxf3 21. Qxf3 e5 22. d5 Qc5 23. Kh1 h5 24. Rf1 Rc7 25. Rcd1 Qe7 26. e4 Rd6 27. Bh3 Bh6 28. Qe2 Qd8 29. Rf3 Qg5 30. Rdf1 Qd2 31. Qxd2 Bxd2 32. Rf6 Rxf6 33. Rxf6 Be3 34. Rc6 Rb7 35. Rc8+ Kg7 36. d6 1-0

[Event "SVK-chT1W 2223"]
[Site "Slovakia"]
[Date "2022.12.03"]
[Round "5.6"]
[White "Zdrazil, Patrik"]
[Black "Kijac, Miroslav"]
[Result "1-0"]
[WhiteElo "2013"]
[BlackElo "2084"]
[PlyCount "131"]
[EventDate "2022.10.15"]
[EventType "team-tourn"]
[EventRounds "11"]
[EventCountry "SVK"]
[SourceTitle "EXT 2024"]
[Source "ChessBase"]
[SourceDate "2023.10.10"]
[SourceVersion "1"]
[SourceVersionDate "2023.10.10"]
[SourceQuality "1"]
[WhiteTeam "Povazska Bystrica"]
[BlackTeam "Dubnica nad Vahom II"]
[WhiteTeamCountry "SVK"]
[BlackTeamCountry "SVK"]

1. Nf3 d5 2. g3 Nf6 3. Bg2 c6 4. 0-0 Bg4 5. d3 Nbd7 6. h3 Bh5 7. c4 e6 8. cxd5 exd5 9. e4 dxe4 10. dxe4 Be7 11. Nc3 Nc5 12. g4 Bg6 13. Ne5 Qxd1 14. Rxd1 Bxe4 15. Nxe4 Nfxe4 16. Re1 f6 17. Nxc6 bxc6 18. Bxe4 Nxe4 19. Rxe4 Kf7 20. Be3 h5 21. Rd1 Rhd8 22. Rc1 hxg4 23. hxg4 c5 24. Bxc5 Bxc5 25. Rxc5 Rac8 26. Rxc8 Rxc8 27. Ra4 Rc7 28. Ra6 Kg6 29. Kg2 Rd7 30. Kg3 Kg5 31. Ra5+ Kg6 32. Ra6 Kg5 33. Ra5+ Kg6 34. b4 Rd4 35. a3 Rd7 36. f3 Rc7 37. Rc5 Rd7 38. Kf4 Rd3 39. Ra5 Rd7 40. Ke4 Re7+ 41. Kd4 Rd7+ 42. Rd5 Rc7 43. Rc5 Rd7+ 44. Kc4 Re7 45. Rd5 Rc7+ 46. Rc5 Re7 47. a4 Re3 48. Rf5 Kf7 49. g5 Ke6 50. gxf6 gxf6 51. Ra5 Rxf3 52. Rxa7 f5 53. a5 f4 54. Ra8 Ke7 55. Rh8 Ra3 56. Kb5 f3 57. Rh2 Kd6 58. Kb6 Kd5 59. Rc2 Kd4 60. b5 Kd3 61. Rc8 f2 62. Rf8 Ke2 63. Rxf2+ Kxf2 64. a6 Ke3 65. Ka7 Kd4 66. b6 1-0

[Event "Piestany Slovakia op-A"]
[Site "Piestany"]
[Date "2022.07.13"]
[Round "3"]
[White "Leszko, Bence"]
[Black "Zdrazil, Patrik"]
[Result "1-0"]
[WhiteElo "2241"]
[BlackElo "2103"]
[PlyCount "61"]
[EventDate "2022.07.11"]
[EventType "swiss"]
[EventRounds "9"]
[EventCountry "SVK"]
[SourceTitle "CBM 209 Extra"]
[Source "ChessBase"]
[SourceDate "2022.09.30"]
[SourceVersion "1"]
[SourceVersionDate "2022.09.30"]
[SourceQuality "1"]

1. e4 e6 2. d4 d5 3. Nc3 Nf6 4. e5 Nfd7 5. Nce2 c5 6. c3 Nc6 7. f4 Qb6 8. a3 f6 9. Nf3 Be7 10. Ng3 0-0 11. Bd3 cxd4 12. cxd4 f5 13. Ne2 Qd8 14. b4 Nb6 15. Nd2 Bd7 16. Bb2 Na4 17. Qxa4 Nxb4 18. Qb3 Ba4 19. Qc3 Rc8 20. axb4 Rxc3 21. Bxc3 Qd7 22. Kf2 Rc8 23. Ke3 g5 24. g3 Kh8 25. b5 Bxb5 26. Bxb5 Qxb5 27. Rhb1 Qe8 28. Rxb7 gxf4+ 29. gxf4 Qh5 30. Rxe7 Qxh2 31. Raxa7 1-0

[Event "SVK-ch U18"]
[Site "Stara Lubovna"]
[Date "2022.05.27"]
[Round "8"]
[White "Kuna, Patrik"]
[Black "Zdrazil, Patrik"]
[Result "1/2-1/2"]
[WhiteElo "1811"]
[BlackElo "1997"]
[PlyCount "96"]
[EventDate "2022.05.21"]
[EventType "swiss"]
[EventRounds "9"]
[EventCountry "SVK"]
[SourceTitle "CBM 208 Extra"]
[Source "ChessBase"]
[SourceDate "2022.07.31"]
[SourceVersion "1"]
[SourceVersionDate "2022.07.31"]
[SourceQuality "1"]

1. d4 Nf6 2. c4 g6 3. Nc3 Bg7 4. h4 d6 5. e4 Nc6 6. d5 Ne5 7. Bf4 Nfd7 8. h5 Nb6 9. hxg6 fxg6 10. Bxe5 Bxe5 11. Nf3 Bg4 12. Qd2 Bxf3 13. gxf3 Nd7 14. f4 Bg7 15. 0-0-0 c6 16. f5 Nf8 17. fxg6 Nxg6 18. Bh3 Qa5 19. Bf5 Kd8 20. Bxg6 hxg6 21. Rxh8+ Bxh8 22. Rg1 Kd7 23. Qe3 Bxc3 24. Qxc3 Qxc3+ 25. bxc3 Rf8 26. Rxg6 Rxf2 27. Kb1 Re2 28. Rg4 Kc7 29. a3 Kb6 30. Kc1 Kc7 31. Kb1 Kb6 32. Kc1 a6 33. Kd1 Ra2 34. Rg7 Rxa3 35. Kd2 Ra2+ 36. Kd3 Rh2 37. Rxe7 Rh3+ 38. Kc2 Rh2+ 39. Kd3 Rh6 40. Rd7 a5 41. Kc2 a4 42. Kb2 Rh4 43. Re7 Kc5 44. Rxb7 cxd5 45. Rb5+ Kxc4 46. Rxd5 a3+ 47. Kxa3 Kxc3 48. Rxd6 Rxe4 1/2-1/2

[Event "SVK-ch U18"]
[Site "Stara Lubovna"]
[Date "2022.05.25"]
[Round "6"]
[White "Stevik, Patrik1111"]
[Black "Zdrazil, Patrik"]
[Result "0-1"]
[WhiteElo "2249"]
[BlackElo "1997"]
[PlyCount "138"]
[EventDate "2022.05.21"]
[EventType "swiss"]
[EventRounds "9"]
[EventCountry "SVK"]
[SourceTitle "CBM 208 Extra"]
[Source "ChessBase"]
[SourceDate "2022.07.31"]
[SourceVersion "1"]
[SourceVersionDate "2022.07.31"]
[SourceQuality "1"]

1. Nf3 Nf6 2. g3 g6 3. b3 Bg7 4. Bb2 0-0 5. Bg2 c5 6. c4 d6 7. d4 Nc6 8. d5 Na5 9. 0-0 a6 10. Nbd2 Re8 11. Re1 b5 12. Qc2 Rb8 13. Bc3 b4 14. Bb2 e5 15. dxe6 fxe6 16. Rad1 Qc7 17. Ng5 Rb6 18. Nde4 Nxe4 19. Bxe4 Bxb2 20. Qxb2 Qg7 21. Qc2 Nb7 22. h4 Nd8 23. h5 Nf7 24. Nxh7 gxh5 25. Bg6 Re7 26. Qb1 Nh8 27. Bc2 Qh6 28. Qb2 e5 29. Qc1 Qxc1 30. Rxc1 Rxh7 31. Bxh7+ Kxh7 32. Kg2 Kg6 33. Rh1 Rb8 34. Rh4 Bb7+ 35. f3 Nf7 36. Rch1 e4 37. Rxh5 Ng5 38. Rh8 exf3+ 39. exf3 Bxf3+ 40. Kf2 Rb7 41. Rg8+ Rg7 42. Rhh8 Be4 43. Ke3 Bb1 44. Rxg7+ Kxg7 45. Rh2 Ne4 46. g4 a5 47. g5 Nxg5 48. Rb2 Bf5 49. Rd2 Nf7 50. Rg2+ Kf6 51. Kd2 Bd7 52. a3 bxa3 53. Kc3 Ne5 54. Ra2 a4 55. b4 cxb4+ 56. Kxb4 Nxc4 57. Rf2+ Ke5 58. Kxc4 a2 59. Re2+ Kf4 60. Re1 Bf5 61. Kc3 a3 62. Ra1 Bb1 63. Kd2 Ke4 64. Ke2 Kd4 65. Kd2 Kc4 66. Kd1 Kc3 67. Kc1 Kb3 68. Kd2 Kb2 69. Kd1 Kxa1 0-1

[Event "SVK-ch U18"]
[Site "Stara Lubovna"]
[Date "2022.05.24"]
[Round "5"]
[White "Zdrazil, Patrik"]
[Black "Vadila, Ondrej"]
[Result "1/2-1/2"]
[WhiteElo "1997"]
[BlackElo "2082"]
[PlyCount "51"]
[EventDate "2022.05.21"]
[EventType "swiss"]
[EventRounds "9"]
[EventCountry "SVK"]
[SourceTitle "CBM 208 Extra"]
[Source "ChessBase"]
[SourceDate "2022.07.31"]
[SourceVersion "1"]
[SourceVersionDate "2022.07.31"]
[SourceQuality "1"]

1. e4 c5 2. Nf3 a6 3. c3 d5 4. exd5 Qxd5 5. d4 e6 6. Be2 Nf6 7. 0-0 cxd4 8. cxd4 Be7 9. Nc3 Qd8 10. Re1 Nc6 11. a3 0-0 12. Bd3 b5 13. b4 Bb7 14. Bb2 Qb6 15. Qd2 Rad8 16. Rad1 Rfe8 17. Qc2 Rc8 18. Qe2 a5 19. bxa5 Nxa5 20. Bxb5 Bxf3 21. gxf3 Red8 22. d5 Nxd5 23. Nxd5 Rxd5 24. Rxd5 exd5 25. Qxe7 Qxb5 26. Bxg7 1/2-1/2

[Event "SVK-ch U18"]
[Site "Stara Lubovna"]
[Date "2022.05.23"]
[Round "3"]
[White "Zdrazil, Patrik"]
[Black "Zetocha, Adrian"]
[Result "1/2-1/2"]
[WhiteElo "1997"]
[BlackElo "2331"]
[PlyCount "71"]
[EventDate "2022.05.21"]
[EventType "swiss"]
[EventRounds "9"]
[EventCountry "SVK"]
[SourceTitle "CBM 208 Extra"]
[Source "ChessBase"]
[SourceDate "2022.07.31"]
[SourceVersion "1"]
[SourceVersionDate "2022.07.31"]
[SourceQuality "1"]

1. e4 c5 2. Nf3 d6 3. Bb5+ Nd7 4. 0-0 a6 5. Bd3 Ngf6 6. Re1 b6 7. c3 Bb7 8. Bc2 e5 9. d4 Qc7 10. Bg5 Be7 11. dxe5 dxe5 12. c4 0-0 13. Nc3 Rfd8 14. Nd5 Nxd5 15. exd5 f6 16. Be3 Nf8 17. Nd2 Bd6 18. Ne4 Bc8 19. Qf3 Ra7 20. Rac1 f5 21. Nxd6 Qxd6 22. b4 cxb4 23. c5 bxc5 24. Bxc5 Qxc5 25. Bxf5 Qxd5 26. Rxc8 Qxf3 27. gxf3 Rxc8 28. Bxc8 Ng6 29. Rc1 Nf4 30. Rc5 a5 31. Rxe5 Rc7 32. Ba6 Rc1+ 33. Bf1 a4 34. Re4 b3 35. axb3 a3 36. Ra4 1/2-1/2

[Event "SVK-chT3B2 2122"]
[Site "Slovakia"]
[Date "2022.03.13"]
[Round "6.1"]
[White "Timko, Milan"]
[Black "Zdrazil, Patrik"]
[Result "1/2-1/2"]
[WhiteElo "2033"]
[BlackElo "1997"]
[PlyCount "48"]
[EventDate "2021.10.24"]
[EventType "team-tourn"]
[EventRounds "11"]
[EventCountry "SVK"]
[SourceTitle "EXT 2024"]
[Source "ChessBase"]
[SourceDate "2023.10.10"]
[SourceVersion "1"]
[SourceVersionDate "2023.10.10"]
[SourceQuality "1"]
[WhiteTeam "Nemsova Horne Srnie"]
[BlackTeam "Puchov Vcielka"]
[WhiteTeamCountry "SVK"]
[BlackTeamCountry "SVK"]

1. e4 c5 2. c3 Nf6 3. e5 Nd5 4. d4 cxd4 5. Qxd4 e6 6. Nf3 Nc6 7. Qe4 d6 8. Nbd2 dxe5 9. Nxe5 Nxe5 10. Qxe5 Qd6 11. Qxd6 Bxd6 12. Ne4 Be7 13. Bb5+ Bd7 14. Bxd7+ Kxd7 15. Ke2 Rhd8 16. Rd1 Ke8 17. c4 Nf6 18. Nxf6+ Bxf6 19. Be3 Rxd1 20. Rxd1 Rd8 21. Rxd8+ Kxd8 22. b3 a6 23. Kd3 Kd7 24. Ke4 g6 1/2-1/2

[Event "SVK-chT2B 2122"]
[Site "Slovakia"]
[Date "2022.02.12"]
[Round "7.5"]
[White "Lasch, Miroslav"]
[Black "Zdrazil, Patrik"]
[Result "1-0"]
[WhiteElo "2034"]
[BlackElo "1973"]
[PlyCount "77"]
[EventDate "2021.10.16"]
[EventType "team-tourn"]
[EventRounds "11"]
[EventCountry "SVK"]
[SourceTitle "EXT 2023"]
[Source "ChessBase"]
[SourceDate "2022.10.05"]
[SourceVersion "1"]
[SourceVersionDate "2022.10.05"]
[SourceQuality "1"]
[WhiteTeam "Belusa"]
[BlackTeam "Povazske Podhradie"]
[WhiteTeamCountry "SVK"]
[BlackTeamCountry "SVK"]

1. e4 c5 2. Nf3 d6 3. d4 cxd4 4. Qxd4 Nc6 5. Bb5 Bd7 6. Bxc6 Bxc6 7. Nc3 Nf6 8. Bg5 e6 9. 0-0-0 Be7 10. Qd3 Qa5 11. h4 h6 12. Bd2 Qa6 13. Qxa6 bxa6 14. Rhe1 Ng4 15. Be3 Nxe3 16. Rxe3 0-0 17. Nd4 Bb7 18. g3 Rfc8 19. f4 g5 20. hxg5 hxg5 21. f5 g4 22. Kb1 Bg5 23. Red3 Re8 24. fxe6 fxe6 25. Nb3 Be7 26. Na5 Rab8 27. Nc4 Bc6 28. Nxd6 Rf8 29. e5 Rf3 30. Nce4 Rb4 31. Nc5 Bd5 32. b3 Rb6 33. Nd7 Rc6 34. Kb2 Bxd6 35. exd6 Rxd6 36. Ne5 Rxd3 37. Rxd3 Rb6 38. Nxg4 Rb4 39. Nf6+ 1-0

[Event "SVK-ch Amateurs"]
[Site "Topolcany"]
[Date "2021.08.09"]
[Round "7"]
[White "Meszaros, Casey Ryan"]
[Black "Zdrazil, Patrik"]
[Result "0-1"]
[WhiteElo "1535"]
[BlackElo "1897"]
[PlyCount "60"]
[EventDate "2021.08.06"]
[EventType "swiss"]
[EventRounds "7"]
[EventCountry "SVK"]
[SourceTitle "EXT 2022"]
[Source "ChessBase"]
[SourceDate "2021.10.06"]
[SourceVersion "1"]
[SourceVersionDate "2021.10.06"]
[SourceQuality "1"]

1. e4 d6 2. d4 Nf6 3. Nc3 g6 4. Nf3 Bg7 5. Be2 0-0 6. 0-0 Nc6 7. Be3 Ng4 8. Qd2 Nxe3 9. fxe3 a6 10. Rf2 b5 11. a3 Bb7 12. Raf1 h6 13. Bd3 Nb8 14. Ne2 Nd7 15. Ng3 c5 16. c3 Rc8 17. Rc1 Rc7 18. b4 Qa8 19. Qb2 Nb6 20. Qb1 Rfc8 21. Rff1 cxb4 22. cxb4 Nc4 23. Bxc4 Rxc4 24. Rxc4 Rxc4 25. Kh1 Rc3 26. Qa2 Bxe4 27. Nxe4 Qxe4 28. Ng5 hxg5 29. Qxf7+ Kh7 30. Qa2 Rc2 0-1

[Event "SVK-ch U18/20"]
[Site "Stara Lubovna"]
[Date "2021.07.01"]
[Round "7"]
[White "Zdrazil, Patrik"]
[Black "Gzib, David"]
[Result "1/2-1/2"]
[WhiteElo "1838"]
[BlackElo "2039"]
[PlyCount "215"]
[EventDate "2021.06.26"]
[EventType "swiss"]
[EventRounds "9"]
[EventCountry "SVK"]
[SourceTitle "CBM 203 Extra"]
[Source "ChessBase"]
[SourceDate "2021.09.30"]
[SourceVersion "1"]
[SourceVersionDate "2021.09.30"]
[SourceQuality "1"]

1. e4 c5 2. Nf3 d6 3. d4 cxd4 4. Qxd4 Nc6 5. Qe3 g6 6. Be2 Bg7 7. 0-0 Nf6 8. c4 0-0 9. Nc3 Ng4 10. Qd2 Nge5 11. b3 Nxf3+ 12. Bxf3 Nd4 13. Bb2 e5 14. Bd1 Qh4 15. Bc1 f5 16. Qg5 Qxg5 17. Bxg5 Bf6 18. Bxf6 Rxf6 19. Bf3 f4 20. Nb5 Nxb5 21. cxb5 Bd7 22. Be2 Rc8 23. Rac1 Rff8 24. Bc4+ Kg7 25. Rcd1 Rf6 26. Rd2 Kf8 27. Rfd1 Ke7 28. a4 b6 29. Rc2 Rc5 30. b4 Rc7 31. Rdc1 Rf8 32. Bd5 Rxc2 33. Rxc2 Rc8 34. Rxc8 Bxc8 35. Kf1 Be6 36. Bc6 Bb3 37. a5 Bc4+ 38. Ke1 d5 39. axb6 axb6 40. Kd2 dxe4 41. Bxe4 Bxb5 42. g3 fxg3 43. fxg3 Kf6 44. Ke3 h6 45. h4 Bd7 46. Bd5 Bf5 47. Bc4 Be6 48. Bd3 Bd5 49. Bf1 g5 50. hxg5+ hxg5 51. Bd3 Be6 52. Be4 Bf5 53. Bd5 Ke7 54. Bb7 Kd6 55. Bg2 Be6 56. Bf3 Bd5 57. Be2 Bg2 58. Ba6 Kc6 59. Bc4 Bd5 60. Be2 Bf7 61. Ke4 Kd6 62. Bd1 Bg6+ 63. Ke3 Kd5 64. Bb3+ Kc6 65. Bc4 Bf5 66. Kd2 Bd7 67. Ke3 Bf5 68. Kd2 Kd6 69. Ke3 Bg6 70. Kf3 Ke7 71. Ke3 Bf5 72. Bd5 g4 73. Bc4 Kd6 74. Bb3 Be6 75. Ba4 Ba2 76. Bd1 Be6 77. Ba4 Bf5 78. Bb3 Kc6 79. Bc4 Bc2 80. Kd2 Be4 81. Ke3 Bf3 82. Kd2 Bd5 83. Be2 Be6 84. Ke3 Kd5 85. Bd3 Bd7 86. Bf1 Bf5 87. Be2 Bg6 88. Ba6 Bh7 89. Bb5 Bf5 90. Be2 Bc2 91. Bb5 Bb1 92. Ba6 Bc2 93. Bb5 e4 94. Be2 Bd3 95. Bxg4 Kc4 96. Bd7 Kxb4 97. g4 Kc5 98. Be8 Kd5 99. Bd7 Ke5 100. Ba4 b5 101. Bb3 b4 102. g5 Kf5 103. Bd5 Bc2 104. g6 Kf6 105. Bxe4 b3 106. Bxc2 bxc2 107. Kd2 Kxg6 108. Kxc2 1/2-1/2

[Event "SVK League Cup 1st"]
[Site "Tornelo INT"]
[Date "2021.03.27"]
[Round "1"]
[White "Zdrazil, Patrik"]
[Black "Kluska, Lukas"]
[Result "1-0"]
[WhiteElo "1838"]
[BlackElo "1228"]
[PlyCount "89"]
[EventDate "2021.03.27"]
[EventType "swiss"]
[EventRounds "8"]
[EventCountry "SVK"]
[SourceTitle "EXT 2022"]
[Source "ChessBase"]
[SourceDate "2021.10.06"]
[SourceVersion "1"]
[SourceVersionDate "2021.10.06"]
[SourceQuality "1"]

1. Nf3 Nc6 2. d4 d5 3. c4 Nf6 4. Nc3 Bf5 5. e3 e6 6. Bd3 Bxd3 7. Qxd3 Bd6 8. c5 Be7 9. 0-0 0-0 10. a3 b6 11. b4 a5 12. b5 Na7 13. c6 Nc8 14. a4 Nd6 15. Ba3 Nc4 16. Bxe7 Qxe7 17. Ne5 Nxe5 18. dxe5 Ne8 19. f4 f6 20. Qd4 Rd8 21. Rf3 g6 22. Raf1 Ng7 23. g4 f5 24. g5 Qb4 25. Ne2 Nh5 26. Qxb4 axb4 27. Nd4 Ra8 28. Nxe6 Rf7 29. Ra1 Re7 30. Nd4 Ra7 31. Rf2 Re8 32. Rfa2 Kf7 33. a5 bxa5 34. Rxa5 Rxa5 35. Rxa5 Kg7 36. Ra7 Re7 37. b6 h6 38. Rxc7 Rxc7 39. bxc7 hxg5 40. c8Q gxf4 41. Qd7+ Kh6 42. c7 fxe3 43. c8Q Nf4 44. Qe7 e2 45. Qh8# 1-0

[Event "SVK-ch U16"]
[Site "Lubovna"]
[Date "2020.08.20"]
[Round "7"]
[White "Zdrazil, Patrik"]
[Black "Grec, Jan Alexander"]
[Result "1/2-1/2"]
[WhiteElo "1828"]
[BlackElo "1907"]
[PlyCount "85"]
[EventDate "2020.08.15"]
[EventType "swiss"]
[EventRounds "9"]
[EventCountry "SVK"]
[SourceTitle "EXT 2021"]
[Source "ChessBase"]
[SourceDate "2020.10.23"]
[SourceVersion "1"]
[SourceVersionDate "2020.10.23"]
[SourceQuality "1"]

1. e4 c5 2. Nf3 e6 3. d4 cxd4 4. Nxd4 a6 5. c4 Nf6 6. Nc3 Qc7 7. Be2 Be7 8. 0-0 0-0 9. Qd3 d6 10. Rd1 Nbd7 11. b3 b6 12. Nc2 Bb7 13. f3 Rac8 14. Bf4 e5 15. Be3 b5 16. Qd2 Nb6 17. Bxb6 Qxb6+ 18. Qe3 Nd7 19. Qxb6 Nxb6 20. Ne3 bxc4 21. Nxc4 Nxc4 22. Bxc4 Rfd8 23. Nd5 Bg5 24. Kf2 Kf8 25. Rd3 a5 26. Rad1 Rc6 27. Ne3 Bxe3+ 28. Kxe3 Ke7 29. Bd5 Rb6 30. Bxb7 Rxb7 31. Rc1 Ke6 32. Rc4 Rb4 33. Rd5 Rxc4 34. bxc4 Rc8 35. Kd3 Rb8 36. Rb5 Ra8 37. Kc3 f5 38. exf5+ Kxf5 39. Rb7 Kf6 40. Rb6 Ke7 41. Rb7+ Kf6 42. Rb6 Ke7 43. Rb7+ 1/2-1/2